Studies on the synthesis and pharmacology of a p-terphenyl hemicholinium /
Saved in:
| 主要作者: | |
|---|---|
| 格式: | Thesis 圖書 |
| 語言: | English |
| 出版: |
1970.
|
| 主題: | |
| 標簽: |
添加標簽
沒有標簽, 成為第一個標記此記錄!
|
| LEADER | 00814cam a2200241 a 4500 | ||
|---|---|---|---|
| 001 | u378077 | ||
| 003 | SIRSI | ||
| 008 | 930515s1970 si v 00 1 eng | ||
| 035 | |a ABW-8366 | ||
| 040 | |a UMP | ||
| 091 | |a Microfilm M 00000056 | ||
| 096 | |a WL344 |b Lee 1970 | ||
| 100 | 1 | 0 | |a Lee, How Sung. |
| 245 | 1 | 0 | |a Studies on the synthesis and pharmacology of a p-terphenyl hemicholinium / |c Lee How Sung. |
| 260 | 0 | |c 1970. | |
| 300 | |a 101 leaves : |b ill. ; |c 28 cm. | ||
| 500 | |a Refer Microfilm M 00000054 | ||
| 502 | |a Thesis (M. Pharm.) - Faculty of Medicine, University of Singapore, 1970. | ||
| 650 | 2 | |a Hemicholinium 3 |x pharmacology. | |
| 650 | 2 | |a Terphenyl Compounds |x pharmacology. | |
| 948 | |a 01/08/1995 |b 03/05/2000 | ||
| 596 | |a 2 | ||
| 999 | |a WL344 LEE 1970 |w NLM |c 1 |i A502453241 |l STACKS |m P02MEDKL |r Y |s Y |t TESIS |u 5/7/2000 | ||
